000 00582cab a2200205 4500
001 WB2627-39
008 090401t1990 xxu||||| |||| 00| 0 eng d
035 _a(Sirsi) u9633
041 _aeng
245 _aPrudential cut estate agencies
260 _c1990
350 _a0
490 _aFinancial Times
_v11/7/90 p1, 24(2)
520 _aPrudential Property Services are closing 175 branches of its estate agency chain.
650 _aINSTITUTIONS
650 _aRECESSION
690 _aMANAGEMENT-BUSINESS MANAGEMENT-PROFESSIONAL PRACTICE
942 _n0
948 _c04/03/1997
999 _c6043
_d6043